00594 a2200169 450000100060000002000150000604000220002110000340004324000360007724500310011330000080014436200090015265001300016194200070029195201090029899900170040764065 a8530804805 cAnchieta - Pituba aCuéller, Javier Pérez de 10aNossa diversidade criadoralpor10aNossa diversidade criadora a4160 a1997 4aCultura e instituições / Cultura popular / Antropologia cultural / História da cultura (Cultura hispano-americana, ...) cBK 00104070a91.1b91.1d2023-11-21l0o306 C965n CUE NOSp17678/PITr2023-11-21 18:32:29w2023-11-21yBK c64065d64065